<?xml version="1.0" encoding="UTF-8"?>
<record
    xmlns:xsi="http://www.w3.org/2001/XMLSchema-instance"
    xsi:schemaLocation="http://www.loc.gov/MARC21/slim http://www.loc.gov/standards/marcxml/schema/MARC21slim.xsd"
    xmlns="http://www.loc.gov/MARC21/slim">

  <leader>00752cam a2200193 a 4500</leader>
  <controlfield tag="008">030402s1999    enk           000 0 eng u</controlfield>
  <datafield tag="020" ind1=" " ind2=" ">
    <subfield code="a">1900039273</subfield>
  </datafield>
  <datafield tag="035" ind1=" " ind2=" ">
    <subfield code="a">a429441</subfield>
  </datafield>
  <datafield tag="050" ind1=" " ind2="0">
    <subfield code="a">F1412 </subfield>
    <subfield code="b">I53 1999</subfield>
  </datafield>
  <datafield tag="245" ind1="0" ind2="0">
    <subfield code="a">Independence and revolution in Spanish America :</subfield>
    <subfield code="b">perspectivas and problems /</subfield>
    <subfield code="c">ed. by Anthony McFarlane and Eduardo Posada-Carb&#xF3;.</subfield>
  </datafield>
  <datafield tag="260" ind1=" " ind2=" ">
    <subfield code="a">London :</subfield>
    <subfield code="b">University of London, Institute of Latin American Studies, </subfield>
    <subfield code="c">1999.</subfield>
  </datafield>
  <datafield tag="300" ind1=" " ind2=" ">
    <subfield code="a">iii, 192 p. ;</subfield>
    <subfield code="c">22 cm.</subfield>
  </datafield>
  <datafield tag="440" ind1=" " ind2="0">
    <subfield code="a">Nineteenth-Century Latin America ;</subfield>
    <subfield code="v">3</subfield>
  </datafield>
  <datafield tag="504" ind1=" " ind2=" ">
    <subfield code="a">Incluye bibliograf&#xED;as</subfield>
  </datafield>
  <datafield tag="651" ind1=" " ind2="4">
    <subfield code="a">Hispanoamerica </subfield>
    <subfield code="x">Historia </subfield>
    <subfield code="y">Guerras de independencia, 1806-1830</subfield>
  </datafield>
  <datafield tag="700" ind1="1" ind2=" ">
    <subfield code="a">McFarlane, Anthony, ed.</subfield>
  </datafield>
  <datafield tag="700" ind1="1" ind2=" ">
    <subfield code="a">Posada-Carb&#xF3;, Eduardo, ed.</subfield>
  </datafield>
  <datafield tag="942" ind1=" " ind2=" ">
    <subfield code="2">lcc</subfield>
    <subfield code="c">LIB</subfield>
  </datafield>
  <datafield tag="999" ind1=" " ind2=" ">
    <subfield code="c">62502</subfield>
    <subfield code="d">62502</subfield>
  </datafield>
  <datafield tag="952" ind1=" " ind2=" ">
    <subfield code="1">0</subfield>
    <subfield code="2">lcc</subfield>
    <subfield code="4">0</subfield>
    <subfield code="7">0</subfield>
    <subfield code="a">INV-033</subfield>
    <subfield code="b">INV-033</subfield>
    <subfield code="c">GENERAL</subfield>
    <subfield code="d">2018-06-06</subfield>
    <subfield code="f">1a ed.</subfield>
    <subfield code="i">H</subfield>
    <subfield code="k">CSA</subfield>
    <subfield code="o">F1412 I53 1993 </subfield>
    <subfield code="p">IIH000022203</subfield>
    <subfield code="r">2018-06-06 00:00:00</subfield>
    <subfield code="t">C:1</subfield>
    <subfield code="y">LIB</subfield>
  </datafield>
</record>
